02176cam a22003614a 450000100090000000300050000900500170001400800410003101000170007201600200008902000220010903500240013103500210015504000600017604200080023605000210024406000270026508200160029210000210030824500450032926000610037430000360043544000560047150400640052750509630059165000310155465000300158565000370161565000250165265000270167765000270170485600830173114818591Nust20170314133734.0070418s2008 maua b 001 0 eng  a 20070163837 a1013050562DNLM a978-93-80108-17-9 a(OCoLC)ocn123539480 a(OCoLC)123539480 aDNLM/DLCcASABdNLMdBAKERdBTCTAdC#PdBWXdYDXCPdDLC apcc00aR858b.B475 200810aW 26.55.S6bB516r 200800a612 BER2221 aBerman, Jules J.10abiomedical informaticscJules J. Berman. aSudbury, Mass. :bJones and Bartlett Publishers,cc2008. axviii, 459 p. :bill. ;c26 cm. 0aJones and Bartlett series in biomedical informatics aIncludes bibliographical references (p. 299-304) and index.0 aOverview of the Ruby language (level 1) -- Survey of Ruby classes and the Ruby standard library (level 1) -- Object orientation in Ruby (level 2) -- Ruby extensions and standard libraries (level 2) -- Biomedical data files used in later chapters (level 1) -- Using Ruby strings, hashes, arrays, files, and directories (level 1) -- Pattern searching with regular expressions (level 1) -- File/dataset transformations (level 1) -- Indexing text (level 1) -- Searching and mining data (level 1) -- Scrubbing confidential medical data (level 1) -- Autocoding biomedical data using nomenclatures (level 3) -- Some mathematical and statistical methods (level 2) -- Cryptography and de-identification (level 2) -- Common gateway interface (level 4) -- Enter Ruby on Rails (level 4) -- The bioinformatics library, Bio, and Ruby (level 3) -- Ruby and resource description framework (level 3) -- Ruby and biological classifications (level 3) -- Book summary (level 3). 0aMedicinexData processing. 0aBiologyxData processing. 0aRuby (Computer program language)12aMedical Informatics.12aProgramming Languages.22aComputational Biology.413Table of contents onlyuhttp://www.loc.gov/catdir/toc/ecip0716/2007016383.html